Principios de electricidad y electromagnetismo

Guardat en:
Dades bibliogràfiques
Autor principal: Harnwell, Gaylord P (Autor)
Format: Llibre
Idioma:espanyol
Publicat: Madrid Selecciones Científicas 1961
Matèries:
Etiquetes: Afegir etiqueta
Sense etiquetes, Sigues el primer a etiquetar aquest registre!

MARC

LEADER 00000nam a2200000 a 4500
001 UCU5042
003 CL-VaPUC
008 960531e19610000SP |||||||||||||||||spa|d
082 0 4 |a 537  |b HAR  |2 21 
100 |a Harnwell, Gaylord P  |e author  |9 371244 
245 1 0 |a Principios de electricidad y electromagnetismo 
300 |a 718 p 
942 |c BK 
945 |d 19960531 00:00:00  |a cmena 
260 |a Madrid  |b Selecciones Científicas  |c 1961 
650 0 |a Electricidad  |9 260222 
650 0 |a Magnetismo  |9 260336 
650 0 |a Electromagnetismo   |9 260123 
650 7 |a CAMPOS ELECTROMAGNETICOS  |2 CL-VaPUC  |9 264139 
650 0 |a Corrientes eléctricas   |9 354960 
650 7 |a CORRIENTES ALTERNAS  |2 CL-VaPUC  |9 263344 
583 |a last modification  |c 19960531 00:00:00  |k Rodrigo Vera 
999 |c 248552  |d 248550 
952 |0 0  |1 0  |4 0  |6 537_000000000000000_HAR_1961  |7 0  |8 A  |9 265248  |a BIBING  |b BIBING  |d 2019-11-19  |i 1668587  |o 537 HAR 1961  |p 1668587  |r 2025-01-20  |w 2019-11-19  |y BK  |k EIE